| 000 | 00930cam a22003015i 4500 | ||
|---|---|---|---|
| 999 |
_c49270 _d49270 |
||
| 001 | 123631 | ||
| 005 | 20200120161853.0 | ||
| 008 | 840830c19831982nyu b 001 0 eng | ||
| 010 | _a 83225690 | ||
| 020 |
_a0883441012 _c$8.95 |
||
| 035 | _a(CStRLIN)NJPT84-B79 | ||
| 035 | _a(OCoLC)ocm10104522 | ||
| 035 | _a123631 | ||
| 039 | 0 |
_a2 _b3 _c3 _d3 _e3 |
|
| 040 |
_aPTS _beng _erda _cPTS |
||
| 100 | 1 | _aRace, Alan. | |
| 245 | 1 | 0 |
_aChristians and religious pluralism : _bpatterns in the Christian theology of religions / _cAlan Race. |
| 260 |
_aMaryknoll, N.Y. : _bOrbis Books, _c1983, c1982. |
||
| 300 |
_axi, 176 pages ; _c22 cm |
||
| 336 |
_atext _btxt _2rdacontent |
||
| 337 |
_aunmediated _bn _2rdamedia |
||
| 338 |
_avolume _bnc _2rdacarrier |
||
| 500 | _aIncludes indexes. | ||
| 504 | _aBibliography: pages 163-169. | ||
| 650 | 0 | _aChristianity and other religions. | |
| 650 | 0 | _aReligious pluralism. | |
| 942 |
_2lcc _cBK |
||